000 00447nam a2200181Ia 4500
001 5071
005 20260306145841.0
008 260306t2012||||xx |||||||||||||| ||spa||
041 _aESP
082 _a332.678
_bM42
100 _aMéndez Lozano, Rafael
_eAUT
245 0 _aFormulación y evaluación de proyectos:
_benfoque para emprendedores
260 _c2012
300 _a
_c
650 _aGEN
654 _aCAN
942 _cLIB
_dJUS
_fJUS
_2ddc
_n
999 _c5071
_d5071